| 000 | 00373nam a2200145Ia 4500 | ||
|---|---|---|---|
| 008 | 210210b1988 xxu||||| |||| 00| 0 eng d | ||
| 082 | _a537.6 SUKQ | ||
| 100 | _aSOKOLOV (A A) and others. | ||
| 245 | _aQuantum electrodynamics. | ||
| 260 |
_aMoscow _bMir Publishers _c1988 |
||
| 300 | _a335 | ||
| 650 | _aQuantum Electrodynamics | ||
| 690 | _aElectronics | ||
| 906 | _a042815 | ||
| 999 |
_c92765 _d92765 |
||